| 000 | 00489nam a22001937a 4500 | ||
|---|---|---|---|
| 003 | MPLRDC | ||
| 005 | 20220104123958.0 | ||
| 008 | 210129b ||||| |||| 00| 0 eng d | ||
| 020 | _a957-593-152-1 | ||
| 082 | _a889 LMJD v.2 | ||
| 100 | _aJULIE GARWOOD | ||
| 245 |
_a新娘 _c刘莎兰译 |
||
| 250 | _a第九版 | ||
| 260 |
_a _b林白出版社有限公司 _c1994 |
||
| 300 | _b平 | ||
| 490 | _a浪漫经典. 2 | ||
| 650 | _a西洋小说之中文翻译 | ||
| 942 |
_cBK _o889 LMJD v.2 |
||
| 999 |
_c15699 _d15689 |
||